00572nam a22001577a 450000500170000001000150001702000260003203500140005803700130007208200110008510000220009624501200011826000410023827001040027930000310038320190712101500.0 aENG-125884 a9789353434533c495.00 aEN-109416 bDBAD/PUB a342.54 aSubramanian, S.G. aIndian constitution and Indian polity :cby S.G. Subramanianbfor civil service preliminary and main examination / aNoidabPearson India Educationc2019 a15th Floor, Tower-B World Trade Tower, Plot No. 1 Block- C, Sector-16bNoida, Uttar Pradeshe201301 avarious paging.c25cm(pbk)